00691nam a2200181Ia 4500003000900000008004100009020001800050040001600068080002200084111009600106245017800202260004300380300001000423490001500433650001900448650001500467700002700482IN-BaIIA211028s9999 xx 000 0 eng d a92-9092-684-8 cIIA Library a523.9(082.2)bSOL aInternational Meeting on Solar Jets and Coronal PlumescGuadeloupe, Franced1998 Feb. 23-26 0aSolar jets and coronal plumesbproceedings of an International meeting on solar jets and coronal plumes, Guadeloupe, France, February 23-26, 1998cedited by Tan-Duc Guyenne  aNoordwijkbEuropean Space Agencyc1998 a374p. aESA SP-421 aCoronal plumes aSolar Jets aGuyenne, Tan-Duc,. ed.